• 首页
  • 本馆介绍
  • 公告通知
  • 最新文献
  • 馆藏检索
  • 电子资源
  • 读者导购
  • 参考咨询
  • 我的图书馆
  • 登录
  • 详细信息显示
  • 放入我的书架
  • 预约/预借图书
  • 作者相关作品
  • 分类相关作品
  • 丛书相关作品
  • 出版社相关作品

书目信息

  • 表格格式
  • 工作单格式
  • 卡片格式
题名:
教育与国家财富
    
 
作者: 马歇尔 , 塔克 著 ;顾建新 , 赵友华 译
分册:  
出版信息: 北京   教育科学出版社  2003
页数: 329页
开本: 24cm
丛书名: 教育与国家发展译丛
单 册:
中图分类: G571.2 , G57
科图分类:
主题词: 教育--研究--美国
电子资源:
ISBN: 7-5041-2464-8
000 01332oam2 2200325 450
001 1543052103
005 20150126115823.75
010    @a7-5041-2464-8@dCNY33.00
100    @a20031226d2003 emky0chiy50 ea
101 1  @achi@ceng
102    @aCN@b110000
105    @ay z 000yy
200 1  @a教育与国家财富@Ajiao yu yu guo jia cai fu@9jiao yu yu guo jia cai fu : si kao sheng cun@e思考生存@f(美)雷·马歇尔(Ray Marshall),(美)马克·塔克(Marc Tucker)著@g顾建新,赵友华译
210    @a北京@c教育科学出版社@d2003
215    @a329页@d24cm
225 2  @a教育与国家发展译丛
300    @a教育部人文社会科学重点研究基地—-北京师范大学比较教育研究中心研究成果
330    @a本书对美国现代教育进行研究,试图解决经济对人力资源的需求与教育供给之间的失调问题,提出了多项教育改革计划,集中反映了美国20世纪90年代初占主导的教育改革思想。
461  0 @12001 @a教育与国家发展译丛
510 1  @aEducation and the Wealth of Nations: Thinking for a Living@zeng
517 1  @a思考生存@Asi kao sheng cun
606 0  @a教育@x研究@y美国
690    @aG571.2@v5
690    @aG57@v4
701  0 @c(美)@a马歇尔@9ma xie er@c(Marshall, Ray)@4著
701  0 @c(美)@a塔克@9ta ke@c(Tucker, Marc)@4著
702  0 @a顾建新@9gu jian xin@c(教育)@4译
702  0 @a赵友华@9zhao you hua@4译
801  0 @aCN@bTSSF@c20150126
905    @aZUCC@dG57@eJY23
    
    教育与国家财富:思考生存/(美)雷·马歇尔(Ray Marshall),(美)马克·塔克(Marc Tucker)著/顾建新,赵友华译.-北京:教育科学出版社,2003
    329页;24cm.-(教育与国家发展译丛)
    教育部人文社会科学重点研究基地—-北京师范大学比较教育研究中心研究成果
    
    ISBN 7-5041-2464-8:CNY33.00
    本书对美国现代教育进行研究,试图解决经济对人力资源的需求与教育供给之间的失调问题,提出了多项教育改革计划,集中反映了美国20世纪90年代初占主导的教育改革思想。
●
相关链接 在E读中查询图书 在五车中查询图书 在当当中查询图书 在豆瓣中查询图书


正题名:教育与国家财富     索取号:G57/JY23         预约/预借

序号 登录号 条形码 馆藏地/架位号 状态 备注
1 7857619   278576195   学院路分馆/ [索取号:G57/JY23] 在馆    
2 7859806   278598064   学院路分馆/ [索取号:G57/JY23] 在馆    
3 7859807   278598073   学院路分馆/ [索取号:G57/JY23] 在馆    
4 7859808   278598082   学院路分馆/ [索取号:G57/JY23] 在馆    
5 7859809   278598091   学院路分馆/ [索取号:G57/JY23] 在馆    
6 7859810   278598108   学院路分馆/ [索取号:G57/JY23] 在馆    
唐山师范学院图书馆 欢迎您!
大连网信软件有限公司© 版权所有